000 00453nam a22001457a 4500
008 240527b |||||||| |||| 00| 0 eng d
020 _a9781419551819
050 _aRT 55 .I79 2008
_bC. 1
100 _aIRWIN, BARBARA J.
245 _aNCLEX-RN: STRATEGIES FOR THE REGISTERED NURSING LICENSING EXAM 2008-2009 EDITION
260 _aNEW YORK
_bKAPLAN PUBLISHING
_c2008
300 _aIX, 354P.: ILL.
700 _aBURCKHARDT, JUDITH A.
942 _2lcc
_cBK
999 _c210212
_d210212